[Event "Leipzig VfB op 12th"]
[Site "Leipzig"]
[Date "2005.03.02"]
[Round "3"]
[White "Lubbe, Melanie"]
[Black "Schramm, Klaus Detlef"]
[Result "1-0"]
[WhiteElo "2054"]
[BlackElo "2100"]
[PlyCount "120"]
[EventDate "2005.01.03"]
[EventType "swiss"]
[EventRounds "9"]
[EventCountry "GER"]
[SourceTitle "EXT 2008"]
[Source "ChessBase"]
[SourceDate "2007.11.25"]
[SourceVersion "1"]
[SourceVersionDate "2007.11.25"]
[SourceQuality "1"]

1. e4 c6 2. Nc3 e6 3. d3 d5 4. g3 d4 5. Nce2 e5 6. Bg2 Be7 7. f4 Bd6 8. Nf3 f6 9. 0-0 Bd7 10. c3 c5 11. Qb3 Qc7 12. fxe5 fxe5 13. Ng5 Bg4 14. Bf3 Bxf3 15. Rxf3 Nf6 16. Qe6+ Qe7 17. Qc8+ Qd8 18. Qxb7 Nbd7 19. Ne6 Qb8 20. Nxg7+ Kd8 21. Qxb8+ Rxb8 22. Bg5 Be7 23. b3 Rb6 24. Nf5 Rg8 25. Bd2 Re6 26. cxd4 cxd4 27. Rc1 Rg6 28. Ba5+ Nb6 29. Nxe7 Rxe7 30. Rc6 Nfd7 31. Rc2 Ree6 32. Rf7 h6 33. Kg2 Re7 34. Rxe7 Kxe7 35. Rc7 a6 36. Ra7 Rc6 37. Rxa6 Rc2 38. Kf3 Rc6 39. a4 Rf6+ 40. Kg2 Rc6 41. g4 Rc2 42. Kf3 Rc6 43. Ng3 Rf6+ 44. Nf5+ Kf7 45. h4 Nc8 46. Rxf6+ Kxf6 47. Nxh6 Kg6 48. g5 Nc5 49. Ke2 Nxb3 50. Bc7 Nc1+ 51. Kd2 Nb3+ 52. Kc2 Nc5 53. a5 Nd7 54. Kb3 Kh5 55. Nf5 Nc5+ 56. Kc4 Nd7 57. Kd5 Na7 58. Bxe5 Nb5 59. Bxd4 Na3 60. a6 Nb5 1-0